000 01160nam a22001577a 4500
999 _c515324
_d515324
008 210121b ||||| |||| 00| 0 eng d
100 _aKumar, Gaurav.
_923649
245 _aIndia-China border agreements
260 _aU.S.I. Journal
300 _a150(621), Jul-Sep, 2020: p.339-349
520 _aThe ongoing standoff in Ladakh, which started in May 2020, has been the most serious so far in terms of casualties since the Cho La and Nathu La clashes of 1967. The incongruity of the soldiers of two nuclear weapon armed countries, inflicting casualties on each other without use of firearms, came in for much adverse comment. The commentators and the public would have been more informed had they been clear about the confidence building agreements signed between India and China regarding management of and conduct on the Line of Actual Control (LAC). This article gives out the important details of these agreements and provides links where the interested scholar can further research the subject. – Reproduced
650 _aLadakh, Line of actual control (LAC)
_923650
773 _aU.S.I. Journal
906 _aBOUNDARY DISPUTES
942 _cAR